Swarga marta patal (Record no. 956127)

MARC details
000 -LEADER
fixed length control field 00712nam a2200241Ia 4500
003 - CONTROL NUMBER IDENTIFIER
control field OSt
005 - DATE AND TIME OF LATEST TRANSACTION
control field 20221005050017.0
008 - FIXED-LENGTH DATA ELEMENTS--GENERAL INFORMATION
fixed length control field 221004b |||||||| |||| 00| 0 ben d
020 ## - INTERNATIONAL STANDARD BOOK NUMBER
International Standard Book Number 9788129516121 (hbk)
037 ## - SOURCE OF ACQUISITION
Terms of availability Textual
040 ## - CATALOGING SOURCE
Original cataloging agency CRL
Transcribing agency CRL
Language of cataloging ben
041 ## - LANGUAGE CODE
Source of code ben
Language code of text/sound track or separate title ben
100 ## - MAIN ENTRY--PERSONAL NAME
Personal name Sankar
245 #0 - TITLE STATEMENT
Title Swarga marta patal
260 ## - PUBLICATION, DISTRIBUTION, ETC.
Place of publication, distribution, etc. Kolkata
Name of publisher, distributor, etc. Sudhangshu Sekhar Dey Dey's Pub India
Date of publication, distribution, etc. 2010
650 ## - SUBJECT ADDED ENTRY--TOPICAL TERM
Topical term or geographic name entry element BENGALI LITERATURE
942 ## - ADDED ENTRY ELEMENTS (KOHA)
Classification part O157,3N33x, Q0
Koha item type Textual
Source of classification or shelving scheme
Holdings
Withdrawn status Lost status Damaged status Not for loan Home library Current library Date acquired Source of acquisition Cost, normal purchase price Total Checkouts Full call number Barcode Date last seen Cost, replacement price Price effective from Koha item type
        Central Library Central Library 2022-10-05 796, 20/03/2013, Bright Book Service 180.00   O157,3N33x Q0 CL1551288 2022-10-05 180.00 2022-10-05 Textual
Copyright @ Delhi University Library System